| 000 | 00961cam a2200253 a 4500 | ||
|---|---|---|---|
| 001 | 2505670 | ||
| 005 | 20170105102916.0 | ||
| 008 | 920918s1993 nyua b 001 0 eng | ||
| 010 | _a 92036251 | ||
| 020 |
_a0195057546 (acidfree paper) : _c$45.00 |
||
| 040 |
_aDLC _cDLC _dDLC |
||
| 050 | 0 | 0 |
_aBD390 _b.H57 1993 |
| 082 | 0 | 0 |
_a111 _220 |
| 100 | 1 |
_aHirsch, Eli, _d1938- |
|
| 245 | 1 | 0 |
_aDividing reality / _cEli Hirsch. |
| 260 |
_aNew York : _bOxford University Press, _c1993. |
||
| 300 |
_axv, 247 p. : _bill. ; _c24 cm. |
||
| 504 | _aIncludes bibliographical references (p. 236-239) and index. | ||
| 650 | 0 | _aDivision (Philosophy) | |
| 856 | 4 | 2 |
_3Publisher description _uhttp://www.loc.gov/catdir/enhancements/fy0604/92036251-d.html |
| 906 |
_a7 _bcbc _corignew _d1 _eocip _f19 _gy-gencatlg |
||
| 942 |
_2ddc _cBK |
||
| 999 |
_c15355 _d15355 |
||